The illegal dispossession (Record no. 613094)
[ view plain ]
| 000 -LEADER | |
|---|---|
| fixed length control field | 00408nam a22001337a 4500 |
| 082 ## - DEWEY DECIMAL CLASSIFICATION NUMBER | |
| Classification number | 345.54910262 |
| Author Mark | CHA |
| 100 ## - MAIN ENTRY--PERSONAL NAME | |
| Personal name | Chaudhary Muhammad Irfan-ul-Haq |
| 245 ## - TITLE STATEMENT | |
| Title | The illegal dispossession |
| Remainder of title | (Act, XI of 2005)/ |
| Statement of responsibility, etc. | Muhammad Irfan-ul-Haq Chaudhary |
| 250 ## - EDITION STATEMENT | |
| Edition statement | Edition-2023. |
| 260 ## - PUBLICATION, DISTRIBUTION, ETC. | |
| Place of publication, distribution, etc. | Lahore |
| Name of publisher, distributor, etc. | Al Haq Law Book Centre |
| Date of publication, distribution, etc. | 2023 |
| 300 ## - PHYSICAL DESCRIPTION | |
| Extent | 396,p. |
| Dimensions | 24,cm. |
| 650 ## - SUBJECT ADDED ENTRY--TOPICAL TERM | |
| Topical term or geographic name entry element | Law |
| 942 ## - ADDED ENTRY ELEMENTS (KOHA) | |
| Source of classification or shelving scheme | |
| Koha item type | Book |
| 650 ## - SUBJECT ADDED ENTRY--TOPICAL TERM | |
| -- | 35302 |
| Withdrawn status | Lost status | Source of classification or shelving scheme | Damaged status | Not for loan | Permanent Location | Current Location | Date acquired | Total Checkouts | Full call number | Barcode | Date last seen | Price effective from | Koha item type | Source of acquisition |
|---|---|---|---|---|---|---|---|---|---|---|---|---|---|---|
| NUST Law School (NLS) | NUST Law School (NLS) | 03/03/2025 | 345.54910262 CHA | NLS-342 | 03/03/2025 | 03/03/2025 | Book | |||||||
| NUST Law School (NLS) | NUST Law School (NLS) | 03/03/2025 | 345.54910262 CHA | NLS-343 | 03/03/2025 | 03/03/2025 | Book | |||||||
| NUST Law School (NLS) | NUST Law School (NLS) | 03/03/2025 | 345.54910262 CHA | NLS-344 | 03/03/2025 | 03/03/2025 | Book | |||||||
| NUST Law School (NLS) | NUST Law School (NLS) | 03/12/2025 | 345.54910262 CHA | NLS-1203 | 03/12/2025 | 03/12/2025 | Book | |||||||
| NUST Law School (NLS) | NUST Law School (NLS) | 03/12/2025 | 345.54910262 CHA | NLS-1204 | 03/12/2025 | 03/12/2025 | Book | |||||||
| NUST Law School (NLS) | NUST Law School (NLS) | 03/12/2025 | 345.54910262 CHA | NLS-1205 | 03/12/2025 | 03/12/2025 | Book | |||||||
| NUST Law School (NLS) | NUST Law School (NLS) | 06/27/2025 | 345.54910262 CHA | NLS-2159 | 06/27/2025 | 06/27/2025 | Book | Pakistan Law House | ||||||
| NUST Law School (NLS) | NUST Law School (NLS) | 06/27/2025 | 345.54910262 CHA | NLS-2160 | 06/27/2025 | 06/27/2025 | Book | Pakistan Law House | ||||||
| NUST Law School (NLS) | NUST Law School (NLS) | 06/27/2025 | 345.54910262 CHA | NLS-2161 | 06/27/2025 | 06/27/2025 | Book | Pakistan Law House | ||||||
| NUST Law School (NLS) | NUST Law School (NLS) | 06/27/2025 | 345.54910262 CHA | NLS-2162 | 06/27/2025 | 06/27/2025 | Book | Pakistan Law House |
